Doctor Who A-Z - Statistics

General Stats
  • This quiz has been taken 47 times
  • The average score is 18 of 26
Answer Stats
Letter Hint Answer % Correct
C Metal Creatures who have been 'upgraded' Cybermen
98%
F Favourite hat of the 11th incarnation Fez
95%
K Robot dog K-9
95%
P Surname of Amelia and Melody Pond
95%
T The Doctor's spaceship TARDIS
95%
M The Doctor's Time Lord nemisis The {Master}
95%
D The show's most famous villain Daleks
93%
G The character's home planet Gallifrey
93%
R The Doctor uses this process to cheat death Regeneration
93%
S Very useful for opening doors Sonic {Screwdriver}
93%
W Don't Blink! Weeping Angels
93%
A 10th Doctor's catchphrase which is French for let's go Allons-y
88%
B Blaidd Drwg in Welsh, Series 1 story arc Bad Wolf
88%
E The above's famous battle cry Exterminate
85%
J 4th Doctor's food addiction Jellybaby
80%
U The Doctor worked here during the 70s or 80s UNIT
75%
V Microscopic swarm creatures which,when present in a high enough concentration, are indistinguishable from shadows Vashta Nerada
65%
Z Lumpy orange shapeshifters Zygons
65%
I Martian reptilian race Ice Warrior
58%
N A race of amorphous aliens who can control all forms of plastic Nestene
43%
H Aliens that appear as tall, roughly humanoid creatures with fish-like heads Hath
38%
Q This Russel T Davies project has multiple references to the show Queer as Folk
33%
L Surname of the youngest female drama producer at the BBC who produced the show in its early days Lambert
30%
Y Fictional robots with an appearance Radio Times has described as "cuddly but ferocious" Yeti
25%
O A species of silicon-based creatures Ogri
10%
X An ancient species which possessed immense psychokinetic and scientific powers. Xeraphin
8%
No matching quizzes found
Score Distribution
Percent of People with Each Score
Percentile by Number Answered
Your Score History
You have not taken this quiz